000 00412nam a2200157 i 4500
001 bg
100 1 _aBLANKIEWICZ, Kazimierz
245 0 _aZbiór zadań rachunkowych z fizyki /
_cK. Blankiewicz, Małgorzata Igalson.
260 _aWarszawa,
_c1990.
700 1 _aIGALSON, Małgorzata
040 _cBPK
041 _apol
080 _a53(075.8)(076)
942 _cKS
008 s pl f |000 0 pol
999 _c4317
_d4317
856 _uhttp://koha.tu.koszalin.pl/cgi-bin/koha/opac-detail.pl?biblionumber=4317
_yKatalog online BPK